From fog to smog: The value of pollution information (Record no. 527119)
[ view plain ]
| 000 -LEADER | |
|---|---|
| fixed length control field | 01233nam a22001457a 4500 |
| 008 - FIXED-LENGTH DATA ELEMENTS--GENERAL INFORMATION | |
| fixed length control field | 240805b ||||| |||| 00| 0 eng d |
| 100 ## - MAIN ENTRY--PERSONAL NAME | |
| Personal name | Barwick, P.J. et al |
| 245 ## - TITLE STATEMENT | |
| Title | From fog to smog: The value of pollution information |
| 260 ## - PUBLICATION, DISTRIBUTION, ETC. (IMPRINT) | |
| Place of publication, distribution, etc | The American Economic Review |
| 300 ## - PHYSICAL DESCRIPTION | |
| Extent | 114(5), May, 2024: p.1338-1381 |
| 520 ## - SUMMARY, ETC. | |
| Summary, etc | In 2013, China launched a landmark program to monitor air quality and disclose real-time data, significantly increasing the public's access to and awareness of pollution information. The program triggered cascading behavioral changes such as stronger avoidance of outdoor pollution exposure and increased spending on protective products. These behavioral responses mitigated the mortality impact of air pollution. Conservative estimates indicate that the program's health benefits outweigh the costs by an order of magnitude. The findings highlight the benefits of improving public access to pollution information in developing countries which often experience severe air pollution but lack pollution data collection and dissemination.- Reproduced https://www.aeaweb.org/articles?id=10.1257/aer.20200956 |
| 773 ## - HOST ITEM ENTRY | |
| Main entry heading | The American Economic Review |
| 906 ## - LOCAL DATA ELEMENT F, LDF (RLIN) | |
| Subject DIP | POLLUTION |
| 942 ## - ADDED ENTRY ELEMENTS (KOHA) | |
| Item type | Articles |
| Withdrawn status | Lost status | Source of classification or shelving scheme | Damaged status | Not for loan | Permanent location | Current location | Date acquired | Serial Enumeration / chronology | Barcode | Date last seen | Koha item type |
|---|---|---|---|---|---|---|---|---|---|---|---|
| Indian Institute of Public Administration | Indian Institute of Public Administration | 2024-08-05 | 114(5), May, 2024: p.1338-1381 | AR132567 | 2024-08-05 | Articles |
